|
|
|
|
| LEADER |
00000nab a2200000 ar4500 |
| 001 |
vtls008999884 |
| 003 |
SK-MaSNL |
| 005 |
20260303204254.0 |
| 008 |
180907c2007 xo dr|p|||||||000 ||slo |
| 038 |
|
|
|a PPPK
|
| 040 |
|
|
|a PPPKCL
|b slo
|c PPPK
|e AACR2
|
| 041 |
0 |
|
|a slo
|
| 044 |
|
|
|a xo
|c SK
|
| 080 |
|
|
|a 502.3/.5
|x (437.76)
|2 2001
|
| 100 |
1 |
|
|a Tišťan, Tomáš,
|d 1979-
|4 aut
|9 107155
|
| 245 |
1 |
0 |
|a Spor o zonáciu Tatranského národného parku sa vyhrocuje
|c Tomáš Tišťan
|
| 300 |
|
|
|b Fotogr.
|
| 650 |
0 |
7 |
|a zóny ochrany prírody
|2 pppkcl
|9 1033465
|
| 650 |
0 |
7 |
|a zonácia
|x národné parky
|2 pppkcl
|9 1236583
|
| 650 |
0 |
7 |
|a názory a postoje
|2 pppkcl
|9 4303
|
| 651 |
|
7 |
|a Vysoké Tatry (Poľsko a Slovensko : pohorie)
|2 SNKPHgeo
|9 67729
|
| 651 |
|
7 |
|a Tatranský národný park (Slovensko)
|2 pppkcl
|9 106968
|
| 773 |
0 |
|
|t Tatranský denník Korzár
|g Roč. VIII, č. 177 (2.8.2006), s. 2
|x 1335-7573
|
| 852 |
|
|
|a PPPK
|b KIS3GCP
|
| 856 |
|
|
|u www.korzar.sk
|
| 999 |
|
|
|c 2189227
|d 2191157
|